Ovládnou ženy byznys 21. století? Jsou odolné, umí vyhodnotit riziko

Spoločnosť Bisnode uskutočnila analýzu vplyvu žien v predstavenstvách a dozorných radách akciových spoločností na hospodárske výsledky firiem na základe ukazovateľa rentability vlastného kapitálu (ROE). Prítomnosť žien vo vedení firiem má jednoznačne pozitívny vplyv na ich stabilitu. Ukázalo sa, že...

Descrizione completa

Salvato in:
Dettagli Bibliografici
Natura: Capitolo di libro
Lingua:ceco
Soggetti:
Tags: Aggiungi Tag
Nessun Tag, puoi essere il primo ad aggiungerne!!

MARC

LEADER 00000naa a2200000 4500
001 0197512
005 20231211122256.0
041 0 |a cze 
044 |a CZ 
245 1 0 |a Ovládnou ženy byznys 21. století? Jsou odolné, umí vyhodnotit riziko 
520 |a Spoločnosť Bisnode uskutočnila analýzu vplyvu žien v predstavenstvách a dozorných radách akciových spoločností na hospodárske výsledky firiem na základe ukazovateľa rentability vlastného kapitálu (ROE). Prítomnosť žien vo vedení firiem má jednoznačne pozitívny vplyv na ich stabilitu. Ukázalo sa, že priemerná rentabilita vlastného kapitálu (ROE) firiem, ktoré majú v predstavenstve a dozornej rade ženy, je lepšia, než vo firmách, kde figurujú výhradne muži. S obsadzovaním žien do funkcií rastie aj imidž firmy. 
610 2 0 |a manažment 
610 2 0 |a ženy 
610 2 0 |a predstavenstvo 
610 2 0 |a rady dozorné 
610 2 0 |a spoločnosti akciové 
610 2 0 |a imidž